Music (notice n° 2038021)
[ vue normale ]
| 000 -LEADER | |
|---|---|
| fixed length control field | 00767cam a2200157 4500500 |
| 005 - DATE AND TIME OF LATEST TRANSACTION | |
| control field | 20260405000528.0 |
| 041 ## - LANGUAGE CODE | |
| Language code of text/sound track or separate title | fre |
| 042 ## - AUTHENTICATION CODE | |
| Authentication code | dc |
| 100 10 - MAIN ENTRY--PERSONAL NAME | |
| Personal name | Giuliani, Élizabeth |
| Relator term | author |
| 245 00 - TITLE STATEMENT | |
| Title | Music |
| 260 ## - PUBLICATION, DISTRIBUTION, ETC. | |
| Date of publication, distribution, etc. | 2005.<br/> |
| 500 ## - GENERAL NOTE | |
| General note | 42 |
| 520 ## - SUMMARY, ETC. | |
| Summary, etc. | The causes for the discontent fuelling the Arab revolutions are to be found in a western politics of divide and rule over the past century, argues Gérard Khoury. Will democratically elected Arab leaders make a break with the practices of their predecessors, or will new repressive regimes emerge sustained by western complicity? |
| 786 0# - DATA SOURCE ENTRY | |
| Note | Études | Volume 403 | 7 | 2005-07-01 | p. 119-122 | 0014-1941 |
| 856 41 - ELECTRONIC LOCATION AND ACCESS | |
| Uniform Resource Identifier | <a href="https://shs.cairn.info/journal-etudes-2005-7-page-119?lang=en&redirect-ssocas=7080">https://shs.cairn.info/journal-etudes-2005-7-page-119?lang=en&redirect-ssocas=7080</a> |
Pas d'exemplaire disponible.




Réseaux sociaux